000 01564nam a2200265Ia 4500
999 _c53262
_d53262
001 20303
003 GE_BSU
005 20200901223508.0
008 181216s1986||||ge |||||||||||||| ||geo||
040 _cGE_BSU
041 _ageo
080 _a811.353.1(072) + 37 შ-20
100 _aშამელაშვილი, რაფიელ
_99345
245 _aმეტყველების განვითარების საკითხები რვაწლიან სკოლაში :
_bსაქმის ქაღალდის წარმოების შესწავლა, ჟურნალ-გაზეთებისა და წიგნების გაცნობა /
_cრაფიელ შამელაშვილი ; რედ. შ. კეკელია.
264 _aთბილისი :
_bგანათლება,
_c1986.
300 _a107გვ. ;
_c21სმ.
504 _aბიბლიოგრაფია ტექსტის შენიშვნებში
541 _h40თ.
653 _aმეტყველების განვითარება სკოლაში
653 _a საქმიანი ქაღალდების წარმოება
653 _aმეტყველების განვითარების საკითხები რვაწლიან სკოლაში
653 _aქართული ენა
700 _aკეკელი, შ.
_eრედაქტორი
_99369
942 _cBK
_2udc